| 000 | 00357nam a2200145Ia 4500 | ||
|---|---|---|---|
| 008 | 210210b1985 xxu||||| |||| 00| 0 eng d | ||
| 082 | _a796.342 MCMT | ||
| 100 | _aMcMAHON (David). | ||
| 245 | _aTennis. | ||
| 260 |
_aPatna _bWills Book of Excellence _c1985 |
||
| 300 | _a192 | ||
| 650 | _aTennis | ||
| 690 | _aAthletic & Outdoor Sports | ||
| 906 | _a037706 | ||
| 999 |
_c88222 _d88222 |
||